Ciudades de Corea del Sur - ¡Muerte Súbita! - Estadísticas

Estadísticas generales
  • Esta prueba ha sido intentada 106 veces
    80 desde el último reinicio
  • La puntuación promedio es 8 de 15
Answers on the Grid
Answers color-coded by a green-red scale on the quiz's grid according to % correct below.
Seúl
Busan
Incheon
Daegu
Daejeon
Gwangju
Suwon
Ulsan
Yongin
Goyang
Changwon
Seongnam
Bucheon
Ansan
Sejong
Oita
Sendai
Nagoya
Nagasaki
Pionyang
Shenyang
Dalian
Qingdao
Cebu
Ningbo
 
Estadísticas de respuestas
Respuesta % Correcto
Seúl
74%
Daegu
63%
Busan
60%
Daejeon
60%
Incheon
60%
Ulsan
57%
Changwon
54%
Bucheon
51%
Sejong
51%
Seongnam
46%
Suwon
46%
Goyang
43%
Gwangju
43%
Yongin
31%
Ansan
23%
No se encontraron pruebas coincidentes
Distribución de puntuación
Porcentaje de gente con cada puntuación
Porcentaje por número respondido
Historial de tus puntuaciones
No has intentado esta prueba desde el último reinicio